000 00820nam a2200217 a 4500
001 38562
003 BD-RjUL
005 20211209052822.0
008 161114s2002 ii ||||| |||| 001 0 ben d
035 _a(BD-RjUL)38667
040 _aBD-RjUL
_bben
_cBD-RjUL
041 _aben
082 _aB 361.1
_bCHB 2002
100 _aচট্রোপাধ্যায়, অমল
_9143095
245 1 0 _aবিজ্ঞান, প্রযুক্তি ও পরিবেশ /
_cঅমল চট্রোপাধ্যায়
260 _aকলিকাতা :
_bঅজন্তা পাবলিশার্স,
_c২০০২
300 _a১৩৬ পৃ. ;
_c২১ সেমি.
650 _aসামাজিক সমস্যা
_9143487
650 _aSocial Problem
_9143488
942 _2ddc
_cBK
_03
999 _c38562
_d38562